| 000 | 00704pam a2200229 a 4500 | ||
|---|---|---|---|
| 001 | 652896 | ||
| 005 | 20180216094221.0 | ||
| 008 | 940624s1994 nhua b 001 0 eng | ||
| 010 | _a 94022478 | ||
| 020 | _a0435088246 (alk. paper) | ||
| 040 |
_aDLC _cDLC _dDLC |
||
| 041 | _aeng | ||
| 080 | _a372.623044 GRA | ||
| 082 | 0 | 0 |
_a372.623044 GRA _220 |
| 100 | 1 | _a47 | |
| 101 | _aEDU | ||
| 245 | 1 | 2 |
_aA fresh look at writing / _cDonald H. Graves. |
| 504 | _aIncludes bibliographical references (p. 385-387) and index. | ||
| 906 |
_a7 _bcbc _corignew _d1 _eocip _f19 _gy-gencatlg |
||
| 942 |
_2ddc _cBK |
||
| 999 |
_c42849 _d42849 |
||